The Police - Synchronicity - Statistics

General Stats
  • This quiz has been taken 73 times
  • The average score is 7 of 11
Answer Stats
Song Answer % Correct
7 Every Breath You Take
93%
6 Synchronicity II
90%
1 Synchronicity I
87%
8 King of Pain
67%
9 Wrapped Around Your Finger
65%
10 Tea in the Sahara
63%
4 Mother
60%
11 Murder by Numbers
53%
2 Walking in Your Footsteps
48%
5 Miss Gradenko
47%
3 O My God
33%
No matching quizzes found
Score Distribution
Percent of People with Each Score
Percentile by Number Answered
Your Score History
You have not taken this quiz